<?xml version="1.0" encoding="UTF-8"?>
<collection xmlns="http://www.loc.gov/MARC21/slim">
 <record>
  <leader>07027nam a2200397 a 4500</leader>
  <controlfield tag="001">kal5869</controlfield>
  <controlfield tag="003">Gr-AtHEAL</controlfield>
  <controlfield tag="005">20160422110416.0</controlfield>
  <controlfield tag="006">m        d        </controlfield>
  <controlfield tag="008">160413s2015    gr      s           gre|c</controlfield>
  <datafield tag="020" ind1=" " ind2=" ">
   <subfield code="a">9789606034190</subfield>
  </datafield>
  <datafield tag="040" ind1=" " ind2=" ">
   <subfield code="a">GR-AtHEAL</subfield>
   <subfield code="b">gre</subfield>
   <subfield code="c">GR-AtHEAL</subfield>
  </datafield>
  <datafield tag="082" ind1="0" ind2="4">
   <subfield code="a">639.483</subfield>
   <subfield code="2">23</subfield>
  </datafield>
  <datafield tag="100" ind1="1" ind2=" ">
   <subfield code="a">Χατζηιωάννου, Μαριάνθη.</subfield>
   <subfield code="8">1431</subfield>
  </datafield>
  <datafield tag="245" ind1="1" ind2="0">
   <subfield code="a">Βιολογία και εκτροφή γαστεροπόδων</subfield>
   <subfield code="h">[Ηλεκτρονικός πόρος] </subfield>
   <subfield code="b">Σαλιγκαροτροφία</subfield>
   <subfield code="c">Χατζηιωάννου, Μαριάνθη ; Σταϊκου, Μαριάνθη ; Κριτικός αναγνώστης,Λαζαρίδου, Μαρία ; Γραφιστική επιμέλεια,Αιμελίδης, Ιωάννης ; Γλωσσική επιμέλεια,Θεοδωρίδου, Ελπίδα.</subfield>
  </datafield>
  <datafield tag="260" ind1=" " ind2=" ">
   <subfield code="a">Αθήνα :</subfield>
   <subfield code="b">Σύνδεσμος Ελληνικών Ακαδημαϊκών Βιβλιοθηκών,</subfield>
   <subfield code="c">c2015.</subfield>
  </datafield>
  <datafield tag="490" ind1=" " ind2=" ">
   <subfield code="a">Ακαδημαϊκά Ηλεκτρονικά Συγγράμματα και Βοηθήματα Κάλλιπος</subfield>
   <subfield code="8">40</subfield>
  </datafield>
  <datafield tag="505" ind1=" " ind2=" ">
   <subfield code="a">1. Χρηστική αξία χερσαίων γαστεροπόδων 2. Μορφολογία και ανατομία χερσαίων γαστεροπόδων 3. Αναπαραγωγή χερσαίων γαστεροπόδων 4. Θρέψη και διατροφή χερσαίων γαστεροπόδων 5. Εδώδιμα-Εμπορεύσιμα είδη χερσαίων γαστεροπόδων 6. Βιολογία και Οικολογία χερσαίων γαστεροπόδων 7. Εκτροφή χερσαίων γαστεροπόδων 8. Ανοιχτή – εκτατική εκτροφή 9. Κλειστή - εντατική εκτροφή 10. Ασφάλεια και Προστασία σαλιγκαροτροφικών εκμεταλλεύσεων 11. Η Σαλιγκαροτροφία στην Ελλάδα</subfield>
  </datafield>
  <datafield tag="520" ind1=" " ind2=" ">
   <subfield code="a">Το βιβλίο καλύπτει το επιστημονικό αντικείμενο της Βιολογίας των Γαστεροπόδων και το εφαρμοσμένο αντικείμενο της Εκτροφής των Γαστεροπόδων (Σαλιγκαροτροφία). Στην εισαγωγή αναφέρεται η οικονομική σημασία και η διάρθρωση της εκτροφής των χερσαίων γαστεροπόδων παγκοσμίως, στην Ευρωπαϊκή Ένωση και στην Ελλάδα, καθώς και στοιχεία για την θρεπτική αξία του κρέατος των σαλιγκαριών και τις δυνατότητες ανάδειξης νέων προϊόντων (αυγά- χαβιάρι). Στα τρία πρώτα κεφάλαια δίνεται η ταξινομική θέση των χερσαίων γαστεροπόδων, η εξωτερική μορφολογία τους, η δομή και οι λειτουργίες του σώματος τους (κελύφος, μανδύας, σπλαχνική κοιλότητα). Ακολουθεί αναλυτική περιγραφή της δομής και της φυσιολογίας του αναπαραγωγικού και του πεπτικού συστήματος. Συνδέονται οι γνώσεις της βιολογίας αναπαραγωγής και της διατροφής των σαλιγκαριών με τις ανάγκες της εκτροφής τους. Στα δύο επόμενα κεφάλαια παρουσιάζονται τα κυριότερα είδη των εδώδιμων και εμπορεύσιμων σαλιγκαριών παγκοσμίως και στην Ελλάδα (Helix aspersa, Helix pomatia, Helix lucorum και Eobania vermiculata) και αναπτύσσονται στοιχεία της βιολογίας, φυσιολογίας, και οικολογίας τους. Εστιάζει σε δεδομένα από Ελληνικούς πληθυσμούς που μπορούν να αξιοποιηθούν στην εκτροφή σαλιγκαριών στον Ελληνικό χώρο. Τέλος σε τέσσερα κεφάλαια καλύπτεται το αντικείμενο της εκτροφής των χερσαίων γαστεροπόδων. Δίνονται ορισμοί σημαντικών εννοιών και παρουσιάζονται αναλυτικά οι διαφορετικοί τύποι - συστήματα εκτροφής (ανοιχτή - εκτατική, κλειστή – εντατική και ημιεντατική). Αναφέρονται οι γενικές αρχές της κατασκευής των σαλιγκαροτροφείων, o απαιτούμενος εξοπλισμός και τα στάδια της παραγωγικής διαδικασίας. Αναπτύσσεται η μεθοδολογία συγκομιδής και αποθήκευσης του σαλιγκαριών και θέματα που σχετίζονται με την ασφάλεια και την προστασία των σαλιγκαροτροφικών εκμεταλλεύσεων. Τέλος επιχειρείται η αποτύπωση της παρούσας κατάστασης του κλάδου της σαλιγκαροτροφίας στην Ελλάδα.</subfield>
  </datafield>
  <datafield tag="650" ind1=" " ind2="0">
   <subfield code="a">Snail farming</subfield>
   <subfield code="8">2265</subfield>
  </datafield>
  <datafield tag="653" ind1=" " ind2=" ">
   <subfield code="a">Εφαρμοσμένη ζωολογία</subfield>
  </datafield>
  <datafield tag="653" ind1=" " ind2=" ">
   <subfield code="a">Αναπαραγωγή</subfield>
  </datafield>
  <datafield tag="653" ind1=" " ind2=" ">
   <subfield code="a">Βιολογία γαστεροπόδων</subfield>
  </datafield>
  <datafield tag="653" ind1=" " ind2=" ">
   <subfield code="a">Σαλιγκαροτροφία</subfield>
  </datafield>
  <datafield tag="653" ind1=" " ind2=" ">
   <subfield code="a">Εκτροφή σαλιγκαριών</subfield>
  </datafield>
  <datafield tag="653" ind1=" " ind2=" ">
   <subfield code="a">Γεωπονικές επιστήμες</subfield>
   <subfield code="a">Επιστήμη ζωικής παραγωγής</subfield>
   <subfield code="a">Επιστήμη ζώων</subfield>
   <subfield code="a">Ζωοτεχνία</subfield>
  </datafield>
  <datafield tag="653" ind1=" " ind2=" ">
   <subfield code="a">Επιστήμες της ζωής</subfield>
   <subfield code="a">Λειτουργική και οργανισμική βιολογία</subfield>
   <subfield code="a">Ζωολογία/Βιολογία ζώων</subfield>
   <subfield code="a">Εφαρμοσμένη βιολογία</subfield>
  </datafield>
  <datafield tag="653" ind1=" " ind2=" ">
   <subfield code="a">Επιστήμες της ζωής</subfield>
   <subfield code="a">Λειτουργική και οργανισμική βιολογία</subfield>
   <subfield code="a">Ζωολογία/Βιολογία ζώων</subfield>
  </datafield>
  <datafield tag="653" ind1=" " ind2=" ">
   <subfield code="a">Επιστήμες της ζωής</subfield>
   <subfield code="a">Λειτουργική και οργανισμική βιολογία</subfield>
   <subfield code="a">Ζωολογία/Βιολογία ζώων</subfield>
   <subfield code="a">Ιχθυολογία</subfield>
  </datafield>
  <datafield tag="700" ind1="1" ind2=" ">
   <subfield code="a">Σταϊκου, Αλεξάνδρα</subfield>
   <subfield code="e">Συγγραφέας</subfield>
   <subfield code="8">1435</subfield>
  </datafield>
  <datafield tag="700" ind1="1" ind2=" ">
   <subfield code="a">Λαζαρίδου, Μαρία</subfield>
   <subfield code="e">Κριτικός αναγνώστης</subfield>
   <subfield code="8">1436</subfield>
  </datafield>
  <datafield tag="856" ind1="4" ind2="0">
   <subfield code="u">http://hdl.handle.net/11419/5869</subfield>
   <subfield code="z">Πλήρες Κείμενο - Full text</subfield>
  </datafield>
  <datafield tag="907" ind1=" " ind2=" ">
   <subfield code="a">.b25681473</subfield>
   <subfield code="b">12-06-18</subfield>
   <subfield code="c">29-07-16</subfield>
  </datafield>
  <datafield tag="949" ind1=" " ind2=" ">
   <subfield code="0">0</subfield>
   <subfield code="1">0</subfield>
   <subfield code="2">ddc</subfield>
   <subfield code="4">0</subfield>
   <subfield code="6">639_483000000000000_ΧΑΤ</subfield>
   <subfield code="7">0</subfield>
   <subfield code="8">KALL</subfield>
   <subfield code="8">906</subfield>
   <subfield code="d">2016-04-13</subfield>
   <subfield code="r">2016-04-13</subfield>
   <subfield code="w">2016-04-13</subfield>
   <subfield code="z">639.483 ΧΑΤ</subfield>
   <subfield code="o">SEAB KALLIPOS</subfield>
  </datafield>
  <datafield tag="998" ind1=" " ind2=" ">
   <subfield code="a">80</subfield>
   <subfield code="a">01</subfield>
   <subfield code="a">02</subfield>
   <subfield code="a">03</subfield>
   <subfield code="a">04</subfield>
   <subfield code="a">05</subfield>
   <subfield code="a">06</subfield>
   <subfield code="a">07</subfield>
   <subfield code="a">08</subfield>
   <subfield code="a">09</subfield>
   <subfield code="a">10</subfield>
   <subfield code="a">11</subfield>
   <subfield code="a">12</subfield>
   <subfield code="a">13</subfield>
   <subfield code="a">14</subfield>
   <subfield code="a">15</subfield>
   <subfield code="a">16</subfield>
   <subfield code="a">17</subfield>
   <subfield code="a">18</subfield>
   <subfield code="a">19</subfield>
   <subfield code="a">20</subfield>
   <subfield code="a">21</subfield>
   <subfield code="a">22</subfield>
   <subfield code="a">23</subfield>
   <subfield code="a">24</subfield>
   <subfield code="a">25</subfield>
   <subfield code="a">26</subfield>
   <subfield code="b">29-05-17</subfield>
   <subfield code="c">m</subfield>
   <subfield code="d">z  </subfield>
   <subfield code="e">-</subfield>
   <subfield code="f">gre</subfield>
   <subfield code="g">gr </subfield>
   <subfield code="h">0</subfield>
  </datafield>
  <datafield tag="942" ind1=" " ind2=" ">
   <subfield code="2">ddc</subfield>
   <subfield code="c">KALLIPOS</subfield>
  </datafield>
 </record>
</collection>
